Manual de segurança e saúde no trabalho (Registro nro. 166345)

Detalles MARC
000 -LEADER
fixed length control field 03158nam a22002897a 4500
007 - PHYSICAL DESCRIPTION FIXED FIELD--GENERAL INFORMATION
fixed length control field cr|||| ||||
008 - FIXED-LENGTH DATA ELEMENTS--GENERAL INFORMATION
fixed length control field 180925s2018 br |||||s|||| 00||0 por d
020 ## - INTERNATIONAL STANDARD BOOK NUMBER
International Standard Book Number 978-85-361-9523-0
035 ## -
-- 21901
040 ## - CATALOGING SOURCE
Original cataloging agency vLex
090 ## -
-- 8108
-- 8108
100 1# - MAIN ENTRY--PERSONAL NAME
Personal name Carvalho Gonçalves, Danielle
245 10 - TITLE STATEMENT
Title Manual de segurança e saúde no trabalho
Medium [Recurso electrónico] /
Statement of responsibility, etc Danielle Carvalho Gonçalves, Isabelle Carvalho Gonçalves, Edwar Abreu Gonçalves
256 ## -
-- Servicio en línea
260 ## - PUBLICATION, DISTRIBUTION, ETC. (IMPRINT)
Place of publication, distribution, etc San Pablo:
Name of publisher, distributor, etc LTR,
Date of publication, distribution, etc 2018
300 ## - PHYSICAL DESCRIPTION
Extent 1 recurso electrónico
500 ## - GENERAL NOTE
General note A sétima edição deste Manual de Segurança e Saúde no Trabalho (revisada, atualizada e ampliada), mantém o mesmo espírito das anteriores, qual seja, propiciar consulta fácil, rápida e abrangente a tantos quantos necessitem enveredar pelos caminhos da infortunística. A sistemática expositiva adotada em cada capítulo compreende, basicamente, três etapas: CONSIDERAÇÕES GERAIS, por intermédio das quais apresentamos comentários específicos sobre os tópicos mais relevantes do objeto nuclear de cada capítulo; MÓDULO COMPLEMENTAR, no qual reproduzimos Tabelas, Anexos e Quadros, ou sugerimos Modelos de Rotinas, práticos e específicos; e FUNDAMENTOS JURÍDICOS, por meio dos quais destacamos os Fundamentos Legais (Constitucionais, Infracons-titucionais e Infralegais), que dão o suporte de validade jurídica ao tema central de cada capítulo e, conforme o caso, as correspondentes Súmulas de Jurisprudência. Os títulos dos trinta e seis primeiros capítulos correspondem, sequencialmente, às denominações das trinta e seis Normas Regulamentadoras de Segurança e Saúde no Trabalho urbano e rural, como, atualmente, se encontram em vigor. No Capítulo 37, Aspectos Técnico-Jurídicos de Acidentes do Trabalho, e no subsequente, Segurança e Saúde no Trabalho de Menores, de Mulheres e de Pessoas com Deficiência (Capítulo 38), dedicamos especial atenção à abordagem dessas duas temáticas atuais e relevantes para a compreensão da infortunística obreira pátria. No penúltimo capítulo (trinta e nove), constam reproduzidas as principais Convenções da Organização Internacional do Trabalho (OIT), alusivas à Segurança e Saúde no Trabalho. No último capítulo (quarenta), constam enfatizadas as Súmu-las de Jurisprudência editadas pelo Supremo Tribunal Federal e pelo Tribunal Superior do Trabalho, e que são pertinentes à Segurança e Saúde no Trabalho.
506 1# - RESTRICTIONS ON ACCESS NOTE
Terms governing access Disponible solo en los productos indicados
Authorized users vLex Global
-- vLex Global (Academic Edition, excluding Law Schools)
-- vLex Global (U.S. Academic Edition, Law Schools)
-- vLex Global (U.S. Academic Edition, excluding Law Schools)
-- vLex Global (Academic Edition, Law Schools)
650 04 - SUBJECT ADDED ENTRY--TOPICAL TERM
Topical term or geographic name as entry element Derecho Laboral y Seguridad Social
Geographic subdivision Brasil
650 04 - SUBJECT ADDED ENTRY--TOPICAL TERM
Topical term or geographic name as entry element Seguridad y Salud Laboral
Geographic subdivision Brasil
700 1# - ADDED ENTRY--PERSONAL NAME
Personal name Carvalho Gonçalves, Isabelle
700 1# - ADDED ENTRY--PERSONAL NAME
Personal name Gonçalves, Edwar Abreu
740 0# -
-- vLex Libros (Servicio en línea)
856 40 - LOCALIZACIÓN Y ACCESO ELECTRÓNICO
Identificador Uniforme del Recurso (URI/URL) https://app.vlex.com/#/sources/manual-de-seguran-a-e-saude-no-trabalho-21901
942 ## -
-- RAA
999 ## -
-- 166345
-- 166345

No hay ítems disponibles.


CONTACTO


NOSOTROS


SITIOS DE INTERES

coordinacion.biblioteca.biblioteca@unienlinea.mx Misión, Visión y Objetivos Bases de datos
Directorio Bibliotecas Digitales y Repositorios
Normatividad Revistas y artículos
Convenios interbibliotecarios
Boletines



Hecho en México. Universidad Insurgentes (UIN). Todos los derechos reservados 2024. Esta página y sus contenidos pueden ser reproducidos con fines no lucrativos, siempre y cuando no se mutile, se cite la fuente completa y su dirección electrónicas. De otra forma requiere permiso previo por escrito de la institución




2024 Copyright Universidad Insurgentes | www.bibliouin.com.mx